[Event "CZE-chT2B 1718"]
[Site "Czech Republic"]
[Date "2018.03.18"]
[Round "10.8"]
[White "Bublik, Frantisek"]
[Black "Janda, Jiri"]
[Result "1/2-1/2"]
[WhiteElo "1818"]
[BlackElo "2172"]
[PlyCount "29"]
[EventDate "2017.10.15"]
[EventType "team-tourn"]
[EventRounds "11"]
[EventCountry "CZE"]
[SourceTitle "EXT 2022"]
[Source "ChessBase"]
[SourceDate "2021.10.06"]
[SourceVersion "1"]
[SourceVersionDate "2021.10.06"]
[SourceQuality "1"]
[WhiteTeam "Teplice"]
[BlackTeam "Kobylisy"]
[WhiteTeamCountry "CZE"]
[BlackTeamCountry "CZE"]

1. f4 Nf6 2. Nf3 g6 3. c4 d5 4. e3 Bg7 5. Nc3 0-0 6. cxd5 Nxd5 7. Bc4 Nb6 8. Bb3 Na6 9. 0-0 c5 10. d3 Bg4 11. a3 Rc8 12. Qe2 Qd7 13. h3 Be6 14. Bc2 h6 15. e4 1/2-1/2

[Event "Teplice op 10th"]
[Site "Teplice"]
[Date "2015.06.21"]
[Round "9"]
[White "Pribylova, Sofie"]
[Black "Bublik, Frantisek"]
[Result "1-0"]
[WhiteElo "1767"]
[BlackElo "1910"]
[PlyCount "47"]
[EventDate "2015.06.13"]
[EventType "swiss"]
[EventRounds "9"]
[EventCountry "CZE"]
[SourceTitle "EXT 2017"]
[Source "ChessBase"]
[SourceDate "2016.10.25"]
[SourceVersion "1"]
[SourceVersionDate "2016.10.25"]
[SourceQuality "1"]

1. d4 d5 2. Bf4 Bf5 3. Nf3 c6 4. e3 Nf6 5. c4 e6 6. Nc3 Bd6 7. Ne5 0-0 8. c5 Bc7 9. Be2 Nbd7 10. g4 Bg6 11. Nxg6 hxg6 12. Bxc7 Qxc7 13. f4 b5 14. g5 b4 15. Na4 Ne4 16. Bd3 f5 17. Bxe4 fxe4 18. Qg4 Kf7 19. h4 Rh8 20. h5 Nf8 21. 0-0-0 gxh5 22. Rxh5 Ng6 23. f5 Rxh5 24. fxe6+ 1-0

[Event "Teplice op 10th"]
[Site "Teplice"]
[Date "2015.06.17"]
[Round "5"]
[White "Krehla, Milan"]
[Black "Bublik, Frantisek"]
[Result "1/2-1/2"]
[WhiteElo "1812"]
[BlackElo "1910"]
[PlyCount "62"]
[EventDate "2015.06.13"]
[EventType "swiss"]
[EventRounds "9"]
[EventCountry "CZE"]
[SourceTitle "EXT 2017"]
[Source "ChessBase"]
[SourceDate "2016.10.25"]
[SourceVersion "1"]
[SourceVersionDate "2016.10.25"]
[SourceQuality "1"]

1. e4 e5 2. Bc4 Nf6 3. d3 c6 4. Nf3 d5 5. exd5 cxd5 6. Bb5+ Bd7 7. Bxd7+ Nbxd7 8. 0-0 Bd6 9. Bg5 Qc7 10. h3 0-0 11. Nc3 a6 12. Rc1 Rfe8 13. Re1 h6 14. Bd2 b5 15. Nh4 Re6 16. Nf5 Bf8 17. Qf3 Kh7 18. Nxd5 Nxd5 19. Qxd5 Rc8 20. Qe4 Qc6 21. Qh4 Rg6 22. g3 Qf3 23. Qe4 Qxe4 24. Rxe4 Rgc6 25. c3 g6 26. Nh4 Bg7 27. Ng2 Nc5 28. Re3 Rd8 29. b4 Nxd3 30. Rb1 Nxf2 31. Kxf2 Rxd2+ 1/2-1/2

[Event "Marianske Lazne op 14th"]
[Site "Marianske Lazne"]
[Date "2015.01.19"]
[Round "3"]
[White "Gergel, Vladimir P"]
[Black "Bublik, Frantisek"]
[Result "1-0"]
[WhiteElo "2232"]
[BlackElo "1783"]
[PlyCount "65"]
[EventDate "2015.01.17"]
[EventType "swiss"]
[EventRounds "9"]
[EventCountry "CZE"]
[SourceTitle "CBM 164 Extra"]
[Source "ChessBase"]
[SourceDate "2015.03.02"]
[SourceVersion "1"]
[SourceVersionDate "2015.03.02"]
[SourceQuality "1"]

1. e4 c5 2. Nf3 d6 3. d4 cxd4 4. Nxd4 Nf6 5. Nc3 a6 6. h3 e6 7. g4 b5 8. g5 Nfd7 9. Bg2 Bb7 10. a3 Qc7 11. h4 Nc6 12. Nde2 0-0-0 13. Bf4 Nb6 14. Qd3 Ne5 15. Qg3 Ng6 16. Be3 Nc4 17. b3 Nxe3 18. Qxe3 Qc5 19. Qg3 h5 20. b4 Qb6 21. a4 Ne5 22. axb5 axb5 23. 0-0 Kd7 24. Ra5 Nc6 25. Rxb5 Qc7 26. Ra1 Ra8 27. Rxa8 Bxa8 28. Qe3 Be7 29. Rb6 Bb7 30. Na4 Ra8 31. Nec3 Ne5 32. Qd4 d5 33. exd5 1-0

[Event "Teplice op 8th"]
[Site "Teplice"]
[Date "2013.06.20"]
[Round "6"]
[White "Bublik, Frantisek"]
[Black "Valenta, Petr"]
[Result "1/2-1/2"]
[WhiteElo "1688"]
[BlackElo "1963"]
[PlyCount "128"]
[EventDate "2013.06.15"]
[EventType "swiss"]
[EventRounds "9"]
[EventCountry "CZE"]
[SourceTitle "CBM 155 Extra"]
[Source "ChessBase"]
[SourceDate "2013.08.26"]
[SourceVersion "1"]
[SourceVersionDate "2013.08.26"]
[SourceQuality "1"]

1. e4 c5 2. Nf3 Nc6 3. d4 cxd4 4. Nxd4 e6 5. Nb5 d6 6. c4 a6 7. N5c3 Nf6 8. Be3 Be7 9. Be2 0-0 10. 0-0 Qc7 11. Na3 b6 12. f4 g6 13. Rc1 Rd8 14. Qe1 Bb7 15. Qf2 Nd7 16. Bf3 Nc5 17. Rfd1 Bf6 18. Nab1 Rab8 19. a3 Ba8 20. b4 Nd7 21. Nd5 exd5 22. cxd5 b5 23. dxc6 Nb6 24. e5 dxe5 25. fxe5 Rxd1+ 26. Rxd1 Bxe5 27. Bxb6 Bxh2+ 28. Kh1 Rxb6 29. Rd7 Qf4 30. c7 Qh6 31. c8Q+ Kg7 32. Qd4+ Be5+ 33. Kg1 Qh2+ 34. Kf1 Bxd4 35. Rxd4 Bxf3 36. gxf3 Qh1+ 37. Kf2 Qxb1 38. Qc3 Rf6 39. Rd6 Qf5 40. Rxa6 g5 41. Kg2 Kg6 42. Rxf6+ Qxf6 43. Qc2+ Qf5 44. Qc6+ f6 45. Qe8+ Kh6 46. Qf8+ Kh5 47. Qc5 Qd3 48. Qc7 Kg6 49. Qc5 h5 50. Qc8 Qe2+ 51. Kg1 h4 52. Qg8+ Kf5 53. Qc8+ Kf4 54. Qg4+ Ke3 55. Qe4+ Kd2 56. Qd4+ Kc2 57. Qxf6 Qe1+ 58. Kg2 Qg3+ 59. Kf1 Kb3 60. Qe6+ Kxa3 61. Qe3+ Kxb4 62. Qd4+ Kb3 63. Qd1+ Ka3 64. Qd3+ Ka4 1/2-1/2

[Event "Teplice op 8th"]
[Site "Teplice"]
[Date "2013.06.18"]
[Round "4"]
[White "Cenek, Miroslav"]
[Black "Bublik, Frantisek"]
[Result "1-0"]
[WhiteElo "1878"]
[BlackElo "1688"]
[PlyCount "85"]
[EventDate "2013.06.15"]
[EventType "swiss"]
[EventRounds "9"]
[EventCountry "CZE"]
[SourceTitle "CBM 155 Extra"]
[Source "ChessBase"]
[SourceDate "2013.08.26"]
[SourceVersion "1"]
[SourceVersionDate "2013.08.26"]
[SourceQuality "1"]

1. e4 d6 2. d4 Nf6 3. Nc3 g6 4. h3 a6 5. Nf3 Nbd7 6. Be3 b5 7. a3 Bb7 8. Bd3 Nb6 9. 0-0 Bg7 10. Re1 0-0 11. b3 Nfd7 12. Qd2 Re8 13. Bh6 c5 14. Bxg7 Kxg7 15. d5 Qc7 16. Bf1 Nf8 17. Qf4 e5 18. Qg3 Nc8 19. Nh4 Ne7 20. Re3 Bc8 21. Rf3 f6 22. Nf5+ Bxf5 23. exf5 b4 24. Ne4 Nxd5 25. Rd3 Nc3 26. Nxc3 bxc3 27. Rxc3 d5 28. h4 d4 29. Rf3 Qe7 30. Re1 Qd7 31. fxg6 hxg6 32. Bd3 Qf7 33. Bc4 Qe7 34. Bd3 Qf7 35. h5 g5 36. h6+ Kxh6 37. Qh2+ Kg7 38. Rh3 Qg8 39. Qg3 Ng6 40. Qg4 Qe6 41. Qh5 Nh4 42. Qh7+ Kf8 43. Bc4 1-0